1637 1024 1609 1836 1736 1279 1945 1432 1669 1106 1690 1957 1902 1654 1528 1280 1724 1345 1217 1301 1007 1556 1592 1894 1098 1692 1175 1299 1120 1362 1171 1813 1949 1228 1338 1118 1109 1296 1662 1962 1189 1549 1302 1441 1801 1070 1446 1868 1040 1560 1626 1723 1352 1437 1210 1775 1051 1764 1171 1777 1007 1945 1731 1848 1910 1149 1085 1271 1893 1451 1106 1502 1549 1512 1470 1693 1136 1931 1451 1639 1184 1896 1662 1707 1875 1658 1384 1138 1425 1654 1939 1373 1986 1944 1080 1796 1371 1535 1858 BCNSPRNW ULIB Ver.6.0+V

เปลี่ยนเป็นภาษาไทย

Change to English
 แสดงรายละเอียดบรรณานุกรม
  กลับหน้าหลัก

Brief Record : Get Marc (ISO 2709) : E-mail record : QR code < ปิดหน้าต่าง
LEADER : 00000nam 2200000uu 4500
001    13399110370
003     ULIB
008    110429s2548||||th 000 0 tha d
020    9749356284
020    9789749356289
060 04 WO5^bศ484ศ ล.31 2548
245 00 ศัลยศาสตร์วิวัฒน์ 31 :^bModalities of management in modernsurgery /^cบรรณาธิการ, ทวี รัตนชูเอก, ชาญชัย นิมิตรวานิช, วัชรพงศ์ พุทธิสวัสดิ์
246 30 Modalities of management in modern surgery
250    พิมพ์ครั้งที่ 1
260    กรุงเทพฯ :^bกรุงเทพเวชสาร,^c2548
300    231 หน้า :^bภาพประกอบ ;^c22 ซม.
650  7 ศัลยศาสตร์
653    ผลงานอาจารย์คณะแพทยศาสตร์ศิริราชพยาบาล
700 0  ทวี รัตนชูเอก,^eบรรณาธิการ
700 0  วัชรพงศ์ พุทธิสวัสดิ์,^eบรรณาธิการ
700 0  ชาญชัย นิมิตรวานิช,^eบรรณาธิการ
945    ^p300^l0^i018905
945    ^p300^l0^i017998
995    ทศพร
999 ^a ใช้งานได้ทุกระบบ
รายการนี้ยังไม่มีแท็ก
คุณยังไม่ได้ล็อกอิน คุณสามารถมีกิจกรรมร่วมกับเว็บไซต์ได้ แต่ต้องล็อกอินก่อน ::
  ล็อกอิน

รายการสื่อสารสนเทศ

ลำดับที่ ประเภท เลขเรียก/บาร์โค้ด สถานที่ สถานะ
1. วิทยาศาสตร์การแพทย์ และสุขภาพ
วิทยาศาสตร์การแพทย์ และสุขภาพ
สถานะ=หนังสือเก่า
WO5 ศ484ศ ล.31 2548 ฉ.1 
  Barcode: 017998
ห้องสมุดวิทยาเขตสวรรค์ประชารักษ์
►ส่วนจัดเก็บหนังสือเก่า สปร
บนชั้น
  ขอยืม
2. วิทยาศาสตร์การแพทย์ และสุขภาพ
วิทยาศาสตร์การแพทย์ และสุขภาพ
สถานะ=หนังสือเก่า
WO5 ศ484ศ ล.31 2548 ฉ.2 
  Barcode: 018905
ห้องสมุดวิทยาเขตสวรรค์ประชารักษ์
►ส่วนจัดเก็บหนังสือเก่า สปร
บนชั้น
  ขอยืม

รายการใกล้เคียง
    หัวเรื่อง [ศัลยศาสตร์]

BibComment


ยังไม่เคยถูกคอมเมนท์

คอมเมนท์ทรัพยากรรายการนี้
  คอมเมนท์: ศัลยศาสตร์วิวัฒน์..


 Copyright 2026. Bcnsprnw @Library